LEADER 01193nam2-2200397li-450- 001 990000104620203316 010 $a88-387-9681-5 035 $a0010462 035 $aUSA010010462 035 $a(ALEPH)000010462USA01 035 $a0010462 100 $a20001109d1981989-km-y0itay0103----ba 101 0 $aita 102 $aIT 200 1 $aInquinamento da rumore$fa cura di Alessando Cocchi 205 $a2. ed. ampliata 210 $aRimini$cMaggioli Editore$dc1989 215 $a262 p$cill.$d24 cm 225 2 $aCollana di studi per l'igiene e la tutela dell'ambiente 410 $12001$aCollana di studi per l'igiene e la tutela dell'ambiente 606 0 $aInquinamento acustico 676 $a363.741 702 1$aCOCCHI,$bAlessandro 801 $aIT$csalbc$gISBD 912 $a990000104620203316 951 $a363.741 INQ$b0000784$c363.741 959 $aBK 969 $aTEC 979 $c19910515 979 $c20001110$lUSA01$h1710 979 $aPATTY$b90$c20011105$lUSA01$h1256 979 $aPATTY$b90$c20011105$lUSA01$h1257 979 $c20020403$lUSA01$h1618 979 $aPATRY$b90$c20040406$lUSA01$h1608 996 $aINQUINAMENTO da rumore$9621807 997 $aUNISA LEADER 01571nam0 22003251i 450 001 UON00398272 005 20231205104645.8 100 $a20111011d1956 |0itac50 ba 101 $alav$aGER 102 $aUS 105 $a||||e ||||| 200 1 $aLatvie?u valados v?rdn?cai$ePapildin?jumi un labojumi K. Mülenbacha$dLettisch-deutschen Wörterbuch$eErgäzungen und Berichtigungen zu K. Mühlenbachs$fJ. Endzel?ns un E. Hauzenberga$gizdevusi ?ik?gas baltu filologu kopa 205 $a2. negroz?ts izdevums 210 $a?ik?g?$c[s.e.]$d1956 215 $a2 v.$d23 cm 300 $aFront. anche in tedesco 316 $aI due volumi hanno lo stesso numero di inventario.$5IT-UONSI SLFL4/0263/1-2 510 1$3UON00398281$aLettisch-deutschen Wörterbuch : Ergäzungen und Berichtigungen zu K. Mühlenbachs. 606 $aLingua lettone$xDizionari tedeschi$3UONC079504$2FI 620 $aUS$dChicago, Ill.$3UONL000120 676 $a491.93331$cLINGUA LETTONE - DIZIONARI TEDESCHI$v22 700 1$aENDZELINS$bJanis$3UONV112007$0677490 701 1$aHAUZENBERGA-?TURMA$bEdite$3UONV204573$0706468 702 1$aMÜHLENBACH$bKarl$3UONV204572 801 $aIT$bSOL$c20250905$gRICA 899 $aSIBA - SISTEMA BIBLIOTECARIO DI ATENEO$2UONSI 912 $aUON00398272 950 $aSIBA - SISTEMA BIBLIOTECARIO DI ATENEO$dSI FL 4 0263/1-2 $eSI MR 53164 5 0263/1-2 I due volumi hanno lo stesso numero di inventario.$sBuono 996 $aLatvie?u valados v?rdn?cai$91348100 997 $aUNIOR